000 00396nam a2200157 i 4500
001 52640
003 ES-MaACL
005 20230906162623.0
007 t|
008 030902s1972 sp ||||1| spa d
100 1 _aDay, Harvey.
_943022
245 1 0 _aYoga dietético /
_cHarvey Day.
260 _a[Madrid] :
_bReus,
_c[1972]
300 _a71 p. ;
_c18 cm.
852 _aES-MaACL
_jC-52180
_bR.83956
999 _c52640
_d52640